<The> Customer contentment with products and services in telecommunications sector in the Slovak Republic
Marketingový prieskum preferencií a spokojnosti zákazníkov v snahe o identifikáciu zákazníckých potrieb za účelom kustomizácie ponuky telekomunikačných operátorov. Vývoj v odvetví brzdí nízka úroveň konkrenčných podmienok, a to aj napriek súčasnému rastu. Článok verifikuje stanovené hypotézy o zákaz...
Gespeichert in:
| 1. Verfasser: | |
|---|---|
| Weitere Verfasser: | , |
| Format: | Buchkapitel |
| Sprache: | Englisch |
| Schlagworte: | |
| Tags: |
Keine Tags, Fügen Sie das erste Tag hinzu!
|
MARC
| LEADER | 00000naa a2200000 4500 | ||
|---|---|---|---|
| 001 | 0186609 | ||
| 005 | 20220715120515.2 | ||
| 041 | 0 | |a eng | |
| 044 | |a SK | ||
| 245 | 1 | 0 | |a <The> Customer contentment with products and services in telecommunications sector in the Slovak Republic |c Anna Križanová, Gabriela Masárová, Juraj Kolenčík |
| 520 | |a Marketingový prieskum preferencií a spokojnosti zákazníkov v snahe o identifikáciu zákazníckých potrieb za účelom kustomizácie ponuky telekomunikačných operátorov. Vývoj v odvetví brzdí nízka úroveň konkrenčných podmienok, a to aj napriek súčasnému rastu. Článok verifikuje stanovené hypotézy o zákazníckych preferenciách analýzou CONJOINT. | ||
| 610 | 2 | 0 | |a telekomunikácie |
| 610 | 2 | 0 | |a zákazníci |
| 610 | 2 | 0 | |a trh |
| 610 | 2 | 0 | |a hypotézy |
| 610 | 2 | 0 | |a spokojnosť zákazníkov |
| 610 | 2 | 0 | |a Slovensko |
| 100 | 1 | |a Križanová, Anna | |
| 700 | 1 | |a Masárová, Gabriela | |
| 700 | 1 | |a Kolenčík, Juraj | |